000 00309nam a2200145Ia 4500
100 _aDGET
650 _aGeneral
942 _cBK
654 _amaual
245 _aTraining manual for ITI
260 _bTata Mc Graw hill
_aNew Delhi
_c1984
082 _a658.310202
_bDGE
300 _a230
546 _aENGLISH
999 _c35413
_d35413